|
|
|
|
| LEADER |
00593cam a2200169 7i4500 |
| 001 |
0000024231 |
| 005 |
20100303090000.0 |
| 090 |
0 |
0 |
|a MAT 648.5
|b HOU
|
| 110 |
2 |
0 |
|a Malaysia External Trade Development Corporation (MATRADE)
|
| 245 |
2 |
0 |
|a Household care in Italy.
|
| 260 |
0 |
0 |
|a Milan:
|b MATRADE Milan,
|c 2008.
|
| 300 |
# |
# |
|a 24 p.
|
| 440 |
0 |
0 |
|a Product market study : December 2008
|
| 650 |
0 |
0 |
|a Household care --
|x Markets --
|z Italy
|
| 651 |
0 |
0 |
|a Italy
|
| 999 |
|
|
|a 0000024860
|b Book
|c MATRADEs Collection
|e Business Information Centre
|
| 999 |
|
|
|a 0000024859
|b Book
|c MATRADEs Collection
|e Business Information Centre
|